Luční harfa
| Main Author: | |
|---|---|
| Format: | Book |
| Language: | Undetermined Czech |
| PhysicalDescription: | 108 s. Vyd.1. |
| Published: |
Praha
Státní nakladatelství krásné literatury a umění
1965
|
MARC
| LEADER | 00000nam a2200000 a 4500 | ||
|---|---|---|---|
| 001 | vtls001263542 | ||
| 003 | SK-MaSNL | ||
| 005 | 20260301234534.0 | ||
| 008 | 251104s1965 xx 0 und | ||
| 035 | |a SNK000214449 | ||
| 040 | |a SNK |b slo |c SNK |e AACR2 | ||
| 041 | |a cze | ||
| 044 | |a xr |c CZ | ||
| 100 | 1 | |a Capote, Truman, |d 1924-1984 |4 aut |9 112089 | |
| 245 | 1 | |a Luční harfa |c Truman Capote ; [z amerického orig., The Grass Harp přeložil Jan Válek | |
| 260 | |a Praha |b Státní nakladatelství krásné literatury a umění |c 1965 | ||
| 300 | |a 108 s. | ||
| 300 | |a Vyd.1. | ||
| 366 | |e 5000 výt, | ||
| 500 | |a poznámka s. 106-109. | ||
| 852 | |a Štátna vedecká knižnica v Banskej Bystrici | ||
| 958 | |a OND | ||
| 999 | |c 970479 |d 972409 | ||
| 952 | |a SNK |b SNK |y VYP |7 0 |p 17A0542572 |o snkID 40024 |i snkKIP 8851/65 |3 rekatalogizácia |0 0 |1 0 |4 0 |d 2007-03-19 |l 0 |r 2026-02-24 10:49:24 |w 2026-02-24 | ||
| 952 | |t P60, <04>, [BOOK], {604} |a SNK |b SNK |y NEVYP |7 0 |p 17A0014640 |o snkID 40024 D1 |0 0 |1 1 |4 0 |d 1996-10-16 |l 0 |r 2005-01-01 00:00:00 |w 2026-02-24 | ||


